000 00828nam a2200253 4500
003 OSt
005 20240628061323.0
006 a
008 240628b |||||||| |||| 00| 0 eng d
020 _a9781111530419
040 _aDWCL-Main lib.
_cOC
082 _2International edition
_aCirc. 004 D611 2012
110 _aGarry B. Shelly
245 _aDiscovering computers-Fundamentals : your interactive guide to the digital world /
250 _aInternational edition
260 _aAustralia :
_bCourse Technology, Cengage Learning,
_cc2012.
300 _axxiv,
_b(various paging) : ill. ;
_c28 cm.
504 _aIncludes index.
650 _a1. Computers.
650 _a2. Computer science.
650 _a3. Computer networks.
650 _a4. Internet.
942 _2ddc
_n0
_cBK-CIRC
_eInternational edition
_kCirc.
999 _c1592
_d1592